| 000 | 01420nam0a22003251 4500 | ||
|---|---|---|---|
| 001 | RU\NLR\INFOCOMM_165\5000015954 | ||
| 005 | 20250613100922.0 | ||
| 035 | _a(NLR Aleph) 009364536 | ||
| 090 |
_a7883154 _c7883154 |
||
| 100 | _a20101215d1973 |||y0rusy50 ca | ||
| 101 | 0 |
_ager _drus |
|
| 102 | _aRU | ||
| 105 | _aa ||||000|y | ||
| 200 | 1 |
_aMathematik zur Unterhaltung _f[Сост. и авт. коммент. и словаря Н. А. Герасимова и Е. С. Новгородова] |
|
| 210 |
_aM. _c"Hochschule" _d1973 |
||
| 215 |
_a80 с. _cил. _d20 см |
||
| 225 | 1 | _aLesestoff für Anfänger | |
| 300 | _aРез. на рус. яз. | ||
| 300 | _aНа тит. л. и обл. сост. не указаны | ||
| 300 | _aВ вып. дан.: Нина Анисимовна Герасимова, Елена Семеновна Новгородова. Занимательная математика. Пособие для нач. чтения для неязыковых вузов | ||
| 686 |
_aШ143.24-93рус.328.7х _2rubbk |
||
| 700 | 1 |
_9z01790 _aGerasimova _bN. A. _gNina Anisimovna _4070 |
|
| 701 | 1 |
_9z02790 _aNovgorodova _bE. S. _gElena Semenovna _4070 |
|
| 790 | 1 |
_9z01700 _aГерасимова _bН. А. _4070 |
|
| 790 | 1 |
_9z02701 _aНовгородова _bЕ. С. _4070 |
|
| 801 | 1 |
_aRU _bNLR _c20101215 |
|
| 801 | 0 |
_aRU _bNLR _gPSBO |
|
| 852 |
_aNLR _jЯ61 Д-4/62 _y2 экз. |
||
| 942 | _cBOOK | ||
| 980 | _aNB | ||